|
|
|
|
| LEADER |
01215nam a2200301 a 4500 |
| 001 |
GR-MES12726 |
| 008 |
070712s gr 000 0 gre d |
| 020 |
|
|
|a 0470802359
|
| 040 |
|
|
|a GrPaTEI
|b gre
|c GR-PaULI
|
| 040 |
|
|
|a GrPaTEI
|b gre
|c GR-PaULI
|
| 082 |
|
0 |
|a 658.054 678
|2 21
|
| 100 |
1 |
|
|a Lawrence, Elaine
|
| 245 |
1 |
0 |
|a Internet commerce :
|b digital models for business /
|c Elaine Lawrence...[ et al. ].
|
| 250 |
|
|
|a 3rd ed.
|
| 260 |
|
|
|a Milton :
|b Wiley,
|c 2003
|
| 300 |
|
|
|a xx
|a 332σ. :
|b εικ. ;
|c 24εκ.
|
| 500 |
|
|
|a Περιλαμβάνει ευρετήριο.
|
| 650 |
|
0 |
|a Electronic commerce
|
| 650 |
|
0 |
|a Internet
|x Commerce
|
| 650 |
|
4 |
|a Ηλεκτρονικό εμπόριο
|
| 653 |
|
|
|a Business enterprises--Computer networks
|
| 653 |
|
|
|a Επιχειρήσεις--Δίκτυα ηλεκτρονικών υπολογιστών
|
| 700 |
1 |
|
|a Lawrence, John
|
| 700 |
1 |
|
|a Newton, Stephen
|
| 942 |
|
|
|2 ddc
|
| 952 |
|
|
|0 0
|1 0
|2 ddc
|4 0
|6 658_054000000000000_678_INT
|7 0
|9 271308
|a MSLG
|b MSLG
|c BSC
|d 2021-01-17
|e 24
|f 0
|g 0.00
|l 0
|o 658.054 678 INT
|p 2420000022009
|r 2021-01-17 00:00:00
|t 1
|w 2021-01-17
|y BK15
|x 20070712 0 ΓΑΒΡΙΝΑ 1
|x GrPaTEI
|
| 971 |
|
|
|a .b25787731
|b 15-04-20
|c 13-09-16
|
| 999 |
|
|
|c 156694
|d 156694
|